| 000 | 00763cab a2200241 4500 | ||
|---|---|---|---|
| 001 | ABS52065 | ||
| 008 | 090401t1995 xxu||||| |||| 00| 0 eng d | ||
| 035 | _a(Sirsi) u57831 | ||
| 041 | _aeng | ||
| 100 | _aMagee, C. | ||
| 245 | _aLeft holding the monkey | ||
| 260 | _c1995 | ||
| 350 | _a0 | ||
| 490 |
_aBuilding _v260(7876) 20 January 1995, 32(1) |
||
| 520 | _aExamines the Construction (Design and Management) Regulations 1994 (SI 1994:3140) and whether contractors will be the ones to carry the real burden of implementation. | ||
| 650 | _aCONDAM REGULATIONS | ||
| 650 | _aCONSTRUCTION SITES | ||
| 650 |
_aHEALTH AND SAFETY _96244 |
||
| 650 | _aSITE SAFETY | ||
| 690 | _aBUILT ENVIRONMENT-BUILDING STANDARDS | ||
| 942 | _n0 | ||
| 948 | _c04/03/1997 | ||
| 999 |
_c35304 _d35304 |
||